000 01325nam a22002897a 4500
005 20180518144326.0
008 090713t xxu||||| |||| 00| 0 hin d
010 _aHIN-87228 राष्ट्रपति-2 - B-691851
020 _a8188118915
_c200.00
020 _a9788189982522
_c400.00
035 _aHN-59574
035 _aB-691851
037 _bDBAD / PUB
037 _bआर्य प्रकाशन मंडल
040 _adpl
_bhn
082 _a821.08.21
100 _aमहेन्द्र
245 _aकबीर की भाषा /
_cमहेन्द्र
260 _aदिल्ली
_bआर्य प्रकाशन मंडल
_c2011
270 _a24/4855-56, अंसारी रोड , दरियागंज ,
_b नई दिल्ली
_e110002
300 _a312पृ.
_c22सेमी(सजिल्द)
500 _a राष्ट्रपति-2
650 _aऋग्वेद
650 _aRigveda
942 _2ddc
_cHN
_mमहेन्द्र
_h821.08
999 _c152154
_d152154